|
|
|
|
| LEADER |
00725nam a22001577a 4500 |
| 020 |
|
|
|a 9780195697032
|
| 082 |
|
|
|a 954
|b PAN/O
|
| 100 |
|
|
|a Pandey,Gyanendra
|
| 245 |
|
|
|a The Gyanendra Pandey
|b omnibus
|
| 260 |
|
|
|a New Delhi
|b Oxford University Press
|c 2008
|
| 300 |
|
|
|a xviii
|
| 500 |
|
|
|a The ascendancy of the congress in Utter Pradesh: class,community and nation in Northern India,1920-1940. The Construction of communalism in Colonial North India Remembering partition: violence,nationalism and history in India
|
| 650 |
|
|
|a Indian History
|
| 942 |
|
|
|c BK
|
| 999 |
|
|
|c 94493
|d 94493
|
| 952 |
|
|
|0 0
|1 0
|4 0
|6 954_000000000000000_PAN_O
|7 0
|9 87093
|a SSS
|b SSS
|c GEN
|d 2011-07-05
|g 995.00
|l 1
|o 954 PAN/O
|p SSS06917
|r 2014-11-14
|s 2014-10-30
|w 2011-07-05
|y BK
|